[Event "Almaty zt 3.4"]
[Site "Almaty"]
[Date "2025.04.05"]
[Round "5"]
[White "Yessengali, Adizhan"]
[Black "Kabinazar, Nurmukhammed"]
[Result "1-0"]
[WhiteElo "2014"]
[BlackElo "2083"]
[PlyCount "57"]
[EventDate "2025.04.02"]
[EventType "swiss"]
[EventRounds "9"]
[EventCountry "KAZ"]
[SourceTitle "CB15_2025"]
[SourceDate "2025.04.09"]
[SourceVersion "1"]
[SourceVersionDate "2025.04.09"]
[SourceQuality "1"]

1. Nc3 Nf6 2. e4 e5 3. d4 exd4 4. Qxd4 Nc6 5. Qd3 Bc5 6. Bf4 d6 7. 0-0-0 Be6 8. a3 0-0 9. f3 a6 10. g4 b5 11. Nd5 Ne5 12. Qc3 Nfd7 13. b4 Bxg1 14. Rxg1 Rc8 15. Be2 Bxd5 16. Rxd5 Nb6 17. Rdd1 Nec4 18. g5 Ra8 19. Bxc4 Nxc4 20. a4 Qe7 21. h4 Qe6 22. h5 f6 23. Rd5 c6 24. Rf5 a5 25. bxa5 Kf7 26. h6 Rg8 27. hxg7 Ke7 28. Rxf6 Qh3 29. Bxd6+ 1-0

[Event "Almaty zt 3.4"]
[Site "Almaty"]
[Date "2025.04.02"]
[Round "1"]
[White "Yessengali, Adizhan"]
[Black "Ilkhomi, Jaloliddin"]
[Result "0-1"]
[WhiteElo "2014"]
[BlackElo "2335"]
[PlyCount "96"]
[EventDate "2025.04.02"]
[EventType "swiss"]
[EventRounds "9"]
[EventCountry "KAZ"]
[SourceTitle "CB15_2025"]
[SourceDate "2025.04.09"]
[SourceVersion "1"]
[SourceVersionDate "2025.04.09"]
[SourceQuality "1"]

1. d4 Nf6 2. c4 e6 3. Nf3 b6 4. g3 Bb7 5. Bg2 Bb4+ 6. Nbd2 0-0 7. 0-0 Re8 8. a3 Bf8 9. Qc2 c5 10. e4 d5 11. cxd5 exd5 12. e5 Nfd7 13. Nb3 h6 14. Re1 Nc6 15. Qf5 cxd4 16. e6 Qf6 17. Qxd5 Nc5 18. Nxc5 bxc5 19. Bf4 fxe6 20. Qb3 Nd8 21. Be5 Qf7 22. Rac1 Bd5 23. Qd3 Rc8 24. Bxd4 Bd6 25. Be5 Be7 26. Bc3 Rf8 27. Re4 Bxe4 28. Qxe4 Bf6 29. Rc2 Bxc3 30. Rxc3 Qf5 31. Qe1 Rb8 32. Qc1 Qf6 33. Rc2 Nc6 34. Ng5 Nd4 35. Ne4 Qf5 36. Rd2 Nb3 37. Qc3 Nxd2 38. Qxd2 Qe5 39. b4 Qa1+ 40. Bf1 cxb4 41. axb4 Rfd8 42. Qe2 Rd1 43. Nd2 Rd8 44. Nb3 Rxf1+ 45. Qxf1 Qxf1+ 46. Kxf1 Rb8 47. Nd4 Rxb4 48. Nxe6 a5 0-1

[Event "Asia-ch U14"]
[Site "Almaty"]
[Date "2024.06.12"]
[Round "1"]
[White "Yessengali, Adizhan"]
[Black "Bogdanov, Artyom"]
[Result "0-1"]
[WhiteElo "1832"]
[BlackElo "2265"]
[PlyCount "102"]
[EventDate "2024.06.12"]
[EventType "swiss"]
[EventRounds "9"]
[EventCountry "KAZ"]
[SourceTitle "EXT 2025"]
[Source "ChessBase"]
[SourceDate "2024.10.14"]
[SourceVersion "1"]
[SourceVersionDate "2024.10.14"]
[SourceQuality "1"]
[WhiteTeam "KAZ"]
[BlackTeam "KAZ"]

1. d4 Nf6 2. c4 e6 3. g3 c5 4. Nf3 cxd4 5. Nxd4 d5 6. Bg2 e5 7. Nf3 d4 8. 0-0 Nc6 9. e3 Be7 10. exd4 exd4 11. Bf4 Be6 12. Na3 0-0 13. Rc1 Rc8 14. Nb5 Bc5 15. Ne5 a6 16. Nxc6 bxc6 17. Na3 Qb6 18. Qb3 Qxb3 19. axb3 Rfd8 20. Rfd1 Rd7 21. Nc2 a5 22. h3 Bf5 23. Ne1 d3 24. g4 Bg6 25. Kf1 Bb4 26. Nf3 d2 27. Rxd2 Bxd2 28. Bxd2 Be4 29. Bxa5 Rd3 30. Nd2 Bxg2+ 31. Kxg2 h5 32. f3 Re8 33. Kf2 Rde3 34. Ne4 Nxe4+ 35. Kxe3 Nc5+ 36. Kd2 Nxb3+ 37. Kc2 Nxa5 38. Kc3 c5 39. b4 Nc6 40. b5 Nd4 41. Rd1 Kf8 42. f4 Re3+ 43. Rd3 Re2 44. Rd1 Re3+ 45. Rd3 Rxd3+ 46. Kxd3 Ke7 47. Ke4 Kd6 48. f5 h4 49. g5 Nb3 50. Kd3 Ke5 51. Kc3 Na5 0-1

[Event "Asia-ch U14"]
[Site "Al Ain"]
[Date "2023.12.16"]
[Round "3"]
[White "Yessengali, Adizhan"]
[Black "Prokhorov, Aleksey"]
[Result "1/2-1/2"]
[WhiteElo "1797"]
[BlackElo "2089"]
[PlyCount "142"]
[EventDate "2023.12.14"]
[EventType "swiss"]
[EventRounds "9"]
[EventCountry "UAE"]
[SourceTitle "EXT 2025"]
[Source "ChessBase"]
[SourceDate "2024.10.14"]
[SourceVersion "1"]
[SourceVersionDate "2024.10.14"]
[SourceQuality "1"]

1. e4 c5 2. c3 Nf6 3. e5 Nd5 4. d4 cxd4 5. Nf3 Nc6 6. cxd4 d6 7. Bc4 Nb6 8. Bb5 e6 9. Nc3 dxe5 10. Nxe5 Bd7 11. Nxd7 Qxd7 12. Be3 Rd8 13. Qb3 Be7 14. 0-0 0-0 15. Rfd1 Qc7 16. Bxc6 Qxc6 17. Rac1 Qd7 18. d5 Nxd5 19. Bxa7 Bg5 20. Nxd5 Bxc1 21. Nc3 Bd2 22. Be3 Qc6 23. Rxd2 Rxd2 24. Bxd2 Rd8 25. Be3 h5 26. h3 e5 27. Qb6 Qxb6 28. Bxb6 Rd2 29. Na4 Rc2 30. a3 f5 31. b4 Ra2 32. Nc5 Rxa3 33. Nxb7 Ra1+ 34. Kh2 Rb1 35. Bc5 Kf7 36. Nd8+ Kf6 37. h4 f4 38. f3 Rb2 39. Nb7 Ke6 40. Nd6 Kd5 41. Nf5 e4 42. fxe4+ Kxe4 43. Nd4 g6 44. Nf3 Kd5 45. Ng5 Ke5 46. Nf3+ Kd5 47. Bf8 Ke4 48. Ne5 Rc2 49. Nf7 Rb2 50. Bc5 Kd5 51. Kg1 Ke4 52. Ng5+ Ke5 53. Nh3 Kf5 54. Bd6 Ke6 55. Bc5 Kf5 56. Nf2 Rb1+ 57. Kh2 Rb3 58. Bf8 Rb2 59. Nd3 Rb3 60. Ne1 Rb2 61. Nf3 Ke4 62. Bd6 Kd5 63. Bxf4 Rxb4 64. Kg3 Ke4 65. Bd2 Rb2 66. Bc3 Ra2 67. Bb4 Rb2 68. Bc5 Rc2 69. Bd6 Rb2 70. Be7 Rc2 71. Bf6 Ra2 1/2-1/2